| 000 | 01118cam a22003374a 4500 | ||
|---|---|---|---|
| 001 | 16587365 | ||
| 003 | NUST | ||
| 005 | 20211027115445.0 | ||
| 008 | 101222s2012 nyua b 001 0 eng | ||
| 010 | _a 2010051756 | ||
| 020 | _a9789352601998 | ||
| 038 | _aKhadija | ||
| 040 |
_aDLC _cDLC _dDLC |
||
| 042 | _apcc | ||
| 050 | 0 | 0 |
_aTJ265 _b.C42 2012 |
| 082 | 0 | 0 |
_a621.402 _222 _bCEN |
| 100 | 1 |
_aÇengel, Yunus A. , Cimbala ,john M. & Turner ,Robert H. _918461 |
|
| 245 | 1 | 0 |
_aFundamentals of Thermal-Fluid Sciences _cYunus A. Çengel, John M. Cimbala, Robert H. Turner. |
| 250 | _a4th ed. | ||
| 260 |
_aChennai: _bMcGraw-Hill Higher Education, _cc2016. |
||
| 300 |
_axx, 1083 p. : _bcol. ill. ; _c26 cm. + |
||
| 504 | _aIncludes bibliographical references and index. | ||
| 563 | _aPB | ||
| 650 | 0 |
_aThermodynamics. _97134 |
|
| 650 | 0 |
_aHeat _xTransmission. _91537 |
|
| 650 | 0 |
_aFluid mechanics. _91678 |
|
| 700 | 1 |
_aCimbala, John M. _930266 |
|
| 906 |
_a7 _bcbc _corignew _d1 _eecip _f20 _gy-gencatlg |
||
| 942 |
_2ddc _cBK |
||
| 999 |
_c540489 _d540489 |
||